Piratas globalizados : viejas prácticas, nuevos desafíos /

Una red de piratas en la costa y un poder islamista de corte talibán en tierra sería el peor escenario para Somalia, abandonado hasta hoy por la comunidad internacional. Las operaciones navales para luchar contra la piratería revelan el interés geoestratégico de la región.

Bibliographic Details
Main Author: Salvatierra,Miguel
Format: Libro
Language:Spanish
Published: Madrid, España Estudios de Política Exterior S.A 2009
Subjects:

MARC

LEADER 00000cam a2200000 a 4500
001 037342
003 UAHC_CL
005 20170803124122.0
008 091228s2009 cl f 000 spa
040 |a UAHC_CL  |c UAHC_CL  |d UAHC_CL 
100 1 |a Salvatierra,Miguel 
245 1 0 |a Piratas globalizados :  |b viejas prácticas, nuevos desafíos /  |c Miguel Salvatierra. 
260 |b Estudios de Política Exterior S.A  |c 2009  |a Madrid, España 
300 |a p. 153-161 
500 |a En: Politica exterior, vol. XXIII, no. 128, Marzo-Abril 2009. pp. 153-161. ISSN: 02136856. 
520 |a Una red de piratas en la costa y un poder islamista de corte talibán en tierra sería el peor escenario para Somalia, abandonado hasta hoy por la comunidad internacional. Las operaciones navales para luchar contra la piratería revelan el interés geoestratégico de la región. 
650 4 |a COMUNIDAD 
650 4 |a SOMALIA 
900 |a POLITICA EXTERIOR-128/09 
942 |c BK 
999 |c 37342  |d 37342